000 00212nam a2200085Ia 4500
008 120527s9999 xx 000 0 und d
100 _aBerger, Stassen
245 _aThe developing person through the?..
942 _cBK
999 _c27522
_d27522